Mazané kódy /

Hlavní autor: Kimpton, Diana, 1949-
Další autoři: Phillips, Mike, 1961-
Jazyk: Čeština
Vydáno: V Praze : Egmont, 2005
Vydání: 1. vyd.
Edice: Děsivá věda
Témata:
Externí odkaz: Digitalizovaný dokument
Fyzický popis: 156 s. : il. ; 20 cm
Knihy
Uloženo v:
LEADER 01758nam a2200469 a 4500
001 nkc20051572579
003 CZ PrNK
005 20060106104249.0
007 ta
008 050620s2005 xr a c 000 0 cze
015 |a cnb001572579 
020 |a 80-252-0236-4  |q (brož.) 
035 |a (OCoLC)85156604 
040 |a BOA001  |b cze  |d ABA001 
041 1 |a cze  |h eng 
072 7 |a 003  |x Systémy psaní a písma. Sémiotika (obecně)  |2 Konspekt  |9 11 
072 7 |a 0/9-053.2  |x Literatura pro děti a mládež (naučná)  |2 Konspekt  |9 26 
080 |a 003.26  |2 MRF 
080 |a (0.053.6)  |2 MRF 
100 1 |a Kimpton, Diana,  |d 1949-  |7 xx0030538  |4 aut 
245 1 0 |a Mazané kódy /  |c napsala Diana Kimptonová ; ilustroval Mike Phillips ; [z anglického originálu ... přeložil Jan Pipek] 
250 |a 1. vyd. 
260 |a V Praze :  |b Egmont,  |c 2005 
300 |a 156 s. :  |b il. ;  |c 20 cm 
490 1 |a Děsivá věda 
500 |a Obálkový podnázev: (o čem se vám učitelé neodvažují říct) 
650 0 7 |a šifrování  |7 ph127801  |2 czenas 
650 0 7 |a kryptografie  |7 ph127774  |2 czenas 
650 0 9 |a data encryption  |2 eczenas 
650 0 9 |a cryptography  |2 eczenas 
655 7 |a publikace pro mládež  |7 fd133157  |2 czenas 
655 9 |a juvenile literature  |2 eczenas 
700 1 |a Phillips, Mike,  |d 1961-  |7 xx0026583  |4 ill 
765 0 |t Knowledge: cracking codes  |9 Česky 
830 0 |a Děsivá věda  |0 s 
856 4 1 |u http://www.digitalniknihovna.cz/mzk/uuid/uuid:e64866a0-9065-11e6-baa5-005056827e51  |y Digitalizovaný dokument  |x NDK 
910 2 |a BOA001  |b 1-1157.533 
928 9 |a Egmont ČR 
990 |a BK 
995 |a 01 
991 |b 200511  |c NOV 
996 6 |b 2610263643  |c 1-1157.533  |l MZK  |r Sklad / do 1 hodiny  |n 9  |p p.v.  |w 000798333  |u 000010  |a 1  |e BOA001  |j MZK50  |s P